000 00553nam a2200181 a 4500
001 ASIN0718192141
005 20170105102922.0
008 131209s2012 xxu eng d
020 _a0718192141 (paperback)
020 _a9780718192143 (paperback)
040 _a0
100 1 _aCoggan, Philip.
245 1 0 _aPaper promises /
_cPhilip Coggan.
260 _a[S.l.] :
_bPenguin Books Ltd,
_c2012.
300 _a1 v. (unpaged) ;
_c20 cm.
856 4 0 _3Amazon.com
_uhttp://www.amazon.com/exec/obidos/ASIN/0718192141/chopaconline-20
942 _2ddc
_cBK
999 _c15645
_d15645